Mutiny records : (Record no. 329839)

000 -LEADER
fixed length control field 01166cam a22003014a 4500
001 - CONTROL NUMBER
control field 14306129
003 - CONTROL NUMBER IDENTIFIER
control field NUST
005 - DATE AND TIME OF LATEST TRANSACTION
control field 20170523142322.0
008 - FIXED-LENGTH DATA ELEMENTS--GENERAL INFORMATION
fixed length control field 060320r20051911pk a b 001 0 eng
010 ## - LIBRARY OF CONGRESS CONTROL NUMBER
LC control number 2005306012
020 ## - INTERNATIONAL STANDARD BOOK NUMBER
International Standard Book Number 969351775X
040 ## - CATALOGING SOURCE
Original cataloging agency DLC
Transcribing agency DLC
042 ## - AUTHENTICATION CODE
Authentication code lcode
050 00 - LIBRARY OF CONGRESS CALL NUMBER
Classification number DS478.A1
Item number P86 2005
082 ## - DEWEY DECIMAL CLASSIFICATION NUMBER
Classification number 954.912 PUN
110 1# - MAIN ENTRY--CORPORATE NAME
Corporate name or jurisdiction name as entry element Punjab (India)
9 (RLIN) 1175
245 10 - TITLE STATEMENT
Title Mutiny records :
Remainder of title correspondence.
260 ## - PUBLICATION, DISTRIBUTION, ETC.
Place of publication, distribution, etc. Lahore :
Name of publisher, distributor, etc. Sang-e-Meel Publications,
Date of publication, distribution, etc. 2005.
300 ## - PHYSICAL DESCRIPTION
Extent 927 p. :
Other physical details ill. ;
Dimensions 25 cm.
500 ## - GENERAL NOTE
General note Originally published: Lahore : Punjab Govt. Press, 1911.
500 ## - GENERAL NOTE
General note "On the occasion of 150th anniversary of the War of Freedom (1857)."
504 ## - BIBLIOGRAPHY, ETC. NOTE
Bibliography, etc. note Includes bibliographical references and index.
600 10 - SUBJECT ADDED ENTRY--PERSONAL NAME
Personal name Lawrence, John Laird Mair,
Dates associated with a name 1811-1879
Form subdivision Records and correspondence.
9 (RLIN) 1359
610 10 - SUBJECT ADDED ENTRY--CORPORATE NAME
Corporate name or jurisdiction name as entry element Punjab (India)
Form subdivision Records and correspondence.
9 (RLIN) 1360
651 #0 - SUBJECT ADDED ENTRY--GEOGRAPHIC NAME
Geographic name India
General subdivision History
Chronological subdivision Sepoy Rebellion, 1857-1858
Form subdivision Sources.
9 (RLIN) 1361
906 ## - LOCAL DATA ELEMENT F, LDF (RLIN)
a 7
b cbc
c origode
d 3
e ncip
f 20
g y-gencatlg
942 ## - ADDED ENTRY ELEMENTS (KOHA)
Source of classification or shelving scheme
Koha item type Book
Holdings
Withdrawn status Lost status Source of classification or shelving scheme Damaged status Not for loan Permanent Location Current Location Date acquired Total Checkouts Full call number Barcode Date last seen Price effective from Koha item type
          School of Civil and Environmental Engineering (SCEE) School of Civil and Environmental Engineering (SCEE) 05/23/2017   954.912 PUN NIT-8728 05/23/2017 05/23/2017 Book
© 2023 Central Library, National University of Sciences and Technology. All Rights Reserved.